Visualizing uncertainty in reliability functions with application to aero engine overhaul /

שמור ב:
מידע ביבליוגרפי
מחבר ראשי: Ebden, Mark.
מחברים אחרים: Roberts, Stephen., Stranjak, Armin.
פורמט: Bài viết
שפה:English
נושאים:
תגים: הוספת תג
אין תגיות, היה/י הראשונ/ה לתייג את הרשומה!
Thư viện lưu trữ: Thư viện Trường Đại học Đà Lạt
LEADER 00959nam a2200301 4500
001 DLU110129461
005 ##20111223
040 # # |a DLU  |b eng 
041 # # |a eng 
044 # # |a us 
100 # # |a Ebden, Mark. 
245 # # |a Visualizing uncertainty in reliability functions with application to aero engine overhaul /  |c Mark Ebden, Armin Stranjak, Stephen Roberts. 
653 # # |a Mixed Weibull distribution 
653 # # |a Model uncertainty 
653 # # |a Survival analysis 
653 # # |a Weibull mixture model 
700 # # |a Roberts, Stephen.  
700 # # |a Stranjak, Armin. 
773 # # |t Journal of the Royal Statistical Society  |g Vol. 59, no. 1 (January 2010), p. 163-173 
920 # # |a Phòng Tạp chí -- Trung tâm Thông tin - Thư viện Trường Đại học Đà Lạt 
994 # # |a DLU 
900 # # |a True 
911 # # |a Trương Bảo Trâm Anh 
925 # # |a G 
926 # # |a A 
927 # # |a BB 
980 # # |a Thư viện Trường Đại học Đà Lạt